00752nam a2200241Ia 45000010006000000050017000060070003000230080041000260200007000670400025000740410008000990820022001071000029001292450074001582500014002322600049002463000019002956530020003146530015003349420012003499520132003619990017004933287620240114001624.0ta061123s1945 g b000 u 465 u cHB aCotton College,Assam a465 a294.595bSh 151 G aShukla, Chandrashanker . 0aGandhiji: As We Know Him /cChandrashanker Shukla.hTextual Documents a1st ed. / aBombay :bVora & Co.Publishers Ltd. ,c1945. a145p. ;c18cm. aReligion-Gandhi aG-Religion 2ddccBK 001040708Circulation (G)aSKBLbSKBLd2012-02-01f00000l0o294.595 Sh 151 Gp117.82r2024-01-14 00:00:00t1w2012-02-01yBK c32858d32858